Az állami tűzoltóság hatósági jogkörének jelenlegi helyzete
Elmentve itt :
| Szerző: | |
|---|---|
| További közreműködők: | |
| Dokumentumtípus: | Szakdolgozat |
| Megjelent: |
1981
|
| Tárgyszavak: | |
| Online Access: | http://diploma.bibl.u-szeged.hu/20254 |
| LEADER | 00581nta a2200157 i 4500 | ||
|---|---|---|---|
| 001 | dipl20254 | ||
| 005 | 20130314075946.0 | ||
| 008 | 111122s1981 hu om 0|| zxx d | ||
| 040 | |a SZTE Diploma Repozitórium |b hun | ||
| 041 | |a zxx | ||
| 100 | 1 | |a Bartolich János | |
| 245 | 1 | 3 | |a Az állami tűzoltóság hatósági jogkörének jelenlegi helyzete |h [elektronikus dokumentum] / |c János Bartolich |
| 260 | |c 1981 | ||
| 650 | 4 | |a Jogi és igazgatási tanulmányok | |
| 700 | 1 | |a nincs megadva |e ths | |
| 856 | 4 | 0 | |u http://diploma.bibl.u-szeged.hu/id/eprint/20254/1/1981_bartolich_janos.pdf |z Dokumentum-elérés |